La experiencia de la arquitectura: sobre la percepción de nuestro entorno
Guardat en:
| Autor principal: | |
|---|---|
| Format: | Llibre |
| Idioma: | espanyol |
| Publicat: |
Barcelona
Reverté
2004
|
| Col·lecció: | Estudios Universitarios de Arquitectura, 5
|
| Matèries: | |
| Etiquetes: |
Afegir etiqueta
Sense etiquetes, Sigues el primer a etiquetar aquest registre!
|
MARC
| LEADER | 00000nam a2200000 a 4500 | ||
|---|---|---|---|
| 001 | UCH5097 | ||
| 003 | CL-VaPUC | ||
| 008 | 090924e20040000SP |||||||||||||||||spa|d | ||
| 020 | |a 9788429121056 | ||
| 082 | 0 | 4 | |a 720.01 |b RAS |2 21 |
| 100 | 0 | |a Rasmussen, Steen Eiler |e author |9 541249 | |
| 245 | 1 | 3 | |a La experiencia de la arquitectura: sobre la percepción de nuestro entorno |
| 300 | |a 222 p | ||
| 942 | |c BK | ||
| 945 | |d 20090924 00:00:00 |a rbrito | ||
| 260 | |a Barcelona |b Reverté |c 2004 | ||
| 650 | 7 | |a TEORIA DE LA ARQUITECTURA |2 CL-VaPUC |9 483680 | |
| 650 | 0 | |a Arquitectura |9 804558 | |
| 650 | 0 | |a Percepción |9 266750 | |
| 650 | 0 | |a Diseño arquitectónico |9 265271 | |
| 583 | |a last modification |c 20090924 00:00:00 |k Rodrigo Vera | ||
| 490 | 0 | |a Estudios Universitarios de Arquitectura, 5 | |
| 999 | |c 336300 |d 336298 | ||
| 952 | |0 0 |1 0 |4 0 |6 720_010000000000000_RAS_2004 |7 0 |8 A |9 427346 |a BIBARQ |b BIBARQ |d 2019-11-22 |i 460234K |l 3 |m 2 |o 720.01 RAS 2004 |p 460234K |r 2025-01-20 |s 2022-10-04 |w 2019-11-22 |y BK |k ARQ | ||